Southville International School and Colleges
Your cart is empty.
  • Cart
  • Lists
    Public lists Eva Luna New books Lux_list list_1
    Your lists Log in to create your own lists
  • Log in to your account
  • Your cookies
  • Search history
Southville International School and Colleges
  • Advanced search
  • Recent comments
  • Most popular
  • Libraries

Log in to your account

Log in with GOOGLE


If you do not have an external account, but do have a local account, you can still log in:

  1. Home
  2. MARC view: You be the detective /
Normal view MARC view ISBD view

You be the detective / (Record no. 34762)

[ view plain ]
MARC details
000 -LEADER
fixed length control field 00559nam a22002177a 4500
003 - CONTROL NUMBER IDENTIFIER
control field OSt
005 - DATE AND TIME OF LATEST TRANSACTION
control field 20140310184503.0
008 - FIXED-LENGTH DATA ELEMENTS--GENERAL INFORMATION
fixed length control field 131012t xxu||||| |||| 00| 0 eng d
020 ## - INTERNATIONAL STANDARD BOOK NUMBER
International Standard Book Number 0590427318
050 ## - LIBRARY OF CONGRESS CALL NUMBER
Classification number GV 1491
Item number .M647 1991
100 ## - MAIN ENTRY--PERSONAL NAME
Personal name Miller, Marvin.
9 (RLIN) 6424
245 ## - TITLE STATEMENT
Title You be the detective /
Statement of responsibility, etc Marvin Miller.
260 ## - PUBLICATION, DISTRIBUTION, ETC. (IMPRINT)
Place of publication, distribution, etc USA :
Name of publisher, distributor, etc Scholastic Inc.,
Date of publication, distribution, etc 1991.
300 ## - PHYSICAL DESCRIPTION
Extent 81 p. :
Other physical details ill. ;
Dimensions 19 cm.
521 ## - TARGET AUDIENCE NOTE
Target audience note
526 ## - STUDY PROGRAM INFORMATION NOTE
Reading level 620
650 ## - SUBJECT ADDED ENTRY--TOPICAL TERM
Topical term or geographic name as entry element Fiction
General subdivision Detectives
9 (RLIN) 30121
942 ## - ADDED ENTRY ELEMENTS (KOHA)
Source of classification or shelving scheme Library of Congress Classification
Koha item type
Holdings
Withdrawn status Lost status Source of classification or shelving scheme Damaged status Home library Current library Shelving location Date acquired Total Checkouts Total Renewals Full call number Barcode Date last seen Date checked out Copy number Price effective from Koha item type
    Library of Congress Classification   Luxembourg Library Luxembourg Library Scholastic Reading Center Section 10/12/2013 1 1 GV 1491 .M647 1991 LEX1993 09/13/2017 08/18/2017 1 10/12/2013 Books
    Library of Congress Classification   Luxembourg Library Luxembourg Library Scholastic Reading Center Section 10/12/2013 1 1 GV 1491 .M647 1991 LEX1994 09/14/2017 08/18/2017 2 10/12/2013 Books

You be the detective /

APA

Miller M., . (1991). You be the detective. USA: Scholastic Inc.

Chicago

Miller Marvin, . 1991. You be the detective. USA: Scholastic Inc.

Harvard

Miller M., . (1991). You be the detective. USA: Scholastic Inc.

MLA

Miller Marvin, . You be the detective. USA: Scholastic Inc. 1991.

  • Place hold
  • Print
  • Cite
  • Add to your cart (remove)
  • Save record
    BIBTEX Dublin Core MARCXML MARC (non-Unicode/MARC-8) MARC (Unicode/UTF-8) MARC (Unicode/UTF-8, Standard) MODS (XML) RIS
  • More searches
    Search for this title in:
    Other Libraries (WorldCat) Other Databases (Google Scholar) Online Stores (Bookfinder.com) Open Library (openlibrary.org)

Exporting to Dublin Core...

SOUTHVILLE LIBRARY

Southville International School and Colleges Library

1281 Tropical Ave. Cor. Luxembourg St., BF Homes International, Las Pinas City

Tel. No. 8256374 / 252358 Loc. 117/146

Powered by Koha